000 00420nam a22001217a 4500
020 _a9780692490228
082 _a613.71
_bDEV
100 _aDeva, Jon
245 _aYou Can Do The Splits! Scientific Stretching for Fast Results!:
_bEverything You Need to Know to Achieve Maximum Flexibility as Quickly, Safely and Efficiently as Possible! /
_cJon Deva
260 _c2015.
300 _a51p. ;
942 _2ddc
_cBK
999 _c615091
_d615091